100 najlepszych piłkarzy w historii - Statystyki

Ogólne statystyki
  • Ten quiz został rozwiązany 520 razy
  • Średni wynik to 27 z 100
Statystyki odpowiedzi
Nr Odpowiedź % Poprawnych
3 Ronaldo
100%
4 Messi
99%
1 Pele
95%
2 Maradona
94%
88 Lewandowski
86%
17 Ronaldinho
72%
9 Ronaldo Nazario
66%
94 Mbappe
64%
34 Neymar
62%
6 Zidane
62%
16 Iniesta
58%
45 Buffon
54%
33 Roberto Carlos
51%
35 Sergio Ramos
51%
5 Cruyff
49%
18 Maldini
49%
13 Muller
49%
36 Modrić
45%
46 Kaka
44%
44 Luis Figo
44%
95 Neuer
44%
21 Henry
43%
30 Gullit
42%
11 Puskas
41%
8 Beckenbauer
40%
20 Yashin
40%
64 Beckham
38%
7 Di Stefano
38%
77 Lahm
38%
37 Ibrahimović
37%
48 Rivaldo
37%
29 Cafu
36%
19 Van Basten
36%
22 Eusebio
34%
83 Wayne Rooney
34%
10 Platini
32%
12 Best
31%
51 Drogba
31%
26 Garrincha
31%
81 Kane
27%
57 Gerrard
26%
87 Deyna
25%
60 Robben
25%
24 Charlton
24%
43 Del Piero
24%
72 Nesta
24%
14 Baggio
23%
28 Cannavaro
23%
27 Romario
23%
65 Totti
22%
58 Xabi Alonso
21%
70 Zanetti
21%
78 Kahn
20%
41 Carlos Alberto
19%
98 Scholes
19%
82 Cech
18%
47 Eric Cantona
18%
53 Giggs
18%
68 Socrates
17%
25 Baresi
16%
59 Hagi
14%
23 Matthaus
14%
55 Bergkamp
13%
80 Busquets
13%
89 Cavani
13%
15 Hernandez
13%
52 Rossi
13%
61 Seedorf
13%
66 Vieira
13%
90 Forlan
11%
50 Laudrup
11%
54 Stoichkov
11%
71 Thuram
11%
42 Zoff
11%
96 Dani Alves
10%
40 Rijkaard
10%
75 Sanchez
10%
97 Ozil
9%
85 Papin
9%
73 Keane
8%
79 Lukaku
8%
62 Batistuta
6%
63 Kempes
6%
56 Rummenigge
5%
38 Neeskens
4%
84 Vialli
4%
31 Dalgish
3%
39 Moreno
3%
67 Mazzola
2%
69 Passarella
2%
32 Rivera
2%
92 Santos
2%
93 Andrade
1%
99 Greaves
1%
76 Redondo
1%
49 Rivelino
1%
74 Scirea
1%
91 Simonsen
1%
86 Tigana
1%
100 Scarone
0%
Nie znaleziono quizów pasujących do podanych kryteriów
Rozkład punktacji
Procent ludzi z każdym wynikiem
Percentyl według liczby udzielonych odpowiedzi
Twoja historia wyników
Nie rozwiązałeś tego quizu